000
00194 a2200109 4500
020
_a
2800439788405
041
_a
spa
100
_a
Isabel Munoz
245
_a
Es mio
942
_c
BK
952
_7
4
999
_c
19749
_d
19749